Loading...

Introduction to instrumentation and measurements

Bibliographic Details
Main Author: Northrop, Robert B.
Format: Printed Book
Published: Boca Raton : Taylor & Francis, c2005.
Edition:2nd ed.
Subjects:
LEADER 00606cam a2200169 a 4500
020 |a 0849337739 (alk. paper) 
082 0 0 |a 621.381548  |b NOR/I 
100 1 |a Northrop, Robert B. 
245 1 0 |a Introduction to instrumentation and measurements  
250 |a 2nd ed. 
260 |a Boca Raton :  |b Taylor & Francis,  |c c2005. 
300 |a 743 p. :  |b ill. ; 
650 0 |a Electronic instruments. 
650 0 |a Electronic measurements. 
942 |c BK 
999 |c 32358  |d 32358 
952 |0 0  |1 0  |4 0  |6 621_381548000000000_NORI  |7 0  |8 Stack  |9 34232  |a KUCL  |b KUCL  |c Stack  |d 2015-05-30  |g 695.00  |l 0  |o 621.381548 NOR/I  |p 31767  |r 2015-05-30  |w 2015-05-30  |y BK